Normal view
MARC view
- الأوراق التجارية -- حاسبات إلكترونية -- البنوك -- معالجة البيانات إلكترونيا -- الأوراق التجارية -- قوانين و تشريعات -- بطاقات الائتمان -- قوانين و تشريعات
Entry Topical Term
001 - CONTROL NUMBER
- control field: 46737
003 - CONTROL NUMBER IDENTIFIER
- control field: JO-AjAnu
005 - DATE AND TIME OF LATEST TRANSACTION
- control field: 20230606081724.0
008 - FIXED-LENGTH DATA ELEMENTS
- fixed length control field: 230606|| aca||aabn | a|a d
040 ## - CATALOGING SOURCE
- Original cataloging agency: JO-AjAnu
- Transcribing agency: JO-AjAnu
150 ## - HEADING--TOPICAL TERM
- Topical term or geographic name entry element: الأوراق التجارية -- حاسبات إلكترونية -- البنوك -- معالجة البيانات إلكترونيا -- الأوراق التجارية -- قوانين و تشريعات -- بطاقات الائتمان -- قوانين و تشريعات
670 ## - SOURCE DATA FOUND
- Source citation: Work cat.: (JO-AjAnu)23922: إعداد جلال عايد الشورة؛ إشراف إبراهيم العموش, author 46736, وسائل الدفع الإلكتروني = Electronic payment instruments